Life lines (Pre-intermediate; Student's guide)
This book is one of a set of five self-study modules which accompanies the pre-intermadiate Lifelines coursebook and cassettes
Guardado en:
| Formato: | Libro |
|---|---|
| Lenguaje: | Undetermined |
| Publicado: |
Hà Nội
Bộ Giáo dục và Đào tạo
2003
|
| Materias: | |
| Etiquetas: |
Agregar Etiqueta
Sin Etiquetas, Sea el primero en etiquetar este registro!
|
| Thư viện lưu trữ: | Trung tâm Học liệu Trường Đại học Cần Thơ |
|---|
| LEADER | 00785nam a2200205Ia 4500 | ||
|---|---|---|---|
| 001 | CTU_141419 | ||
| 008 | 210402s9999 xx 000 0 und d | ||
| 020 | |c 55000 | ||
| 082 | |a 428.0071 | ||
| 082 | |b L722/M.4 | ||
| 245 | 0 | |a Life lines | |
| 245 | 0 | |b (Pre-intermediate; Student's guide) | |
| 260 | |a Hà Nội | ||
| 260 | |b Bộ Giáo dục và Đào tạo | ||
| 260 | |c 2003 | ||
| 520 | |a This book is one of a set of five self-study modules which accompanies the pre-intermadiate Lifelines coursebook and cassettes | ||
| 650 | |a English language,English language,Listening | ||
| 650 | |x Spoken english,Problems, exercises, etc,Textbooks for foreign speakers,Problems, exercises, etc | ||
| 904 | |i Hạ Nguyên | ||
| 980 | |a Trung tâm Học liệu Trường Đại học Cần Thơ | ||